European 'V' Cities Quiz Stats

 Plays Quiz not verified by Sporcle

Score 0/30 Timer 12:00
2 Plays Today
Population City % Correct
1,888,776Vienna
98.1%
536,692Vilnius
84.5%
791,413Valencia
83.2%
261,321Venice
80.1%
257,275Verona
66.5%
1,013,533Volgograd
64.5%
335,854Varna
48%
293,642Vigo
43.4%
298,866Valladolid
42.9%
1,047,549Voronezh
37.8%
223,027Vantaa
26.7%
111,620Vicenza
25.9%
150,134Västerås
25.1%
370,298Viciebsk
24.3%
249,176Vitoria
23.5%
Population City % Correct
357,024Vladimir
23.1%
149,019Villeurbanne
18.4%
144,449Volos
17.9%
306,258Vladikavkaz
17.7%
371,855Vinnytsia
17.7%
312,420Vologda
17.1%
91,060Växjö
16.8%
186,502Vila Nova de Gaia
16%
222,868Veliky Novgorod
12.8%
90,075Vitry-sur-Seine
11.8%
171,729Volgodonsk
9.7%
325,224Volzhsky
8.3%
98,063Votkinsk
7.1%
92,757Velikiye Luki
6.7%
94,019Voskresensk
5.9%

You're not logged in!

Compare scores with friends on all Sporcle quizzes.
OR
Log In

Sporcle TV

Today on Sporcle TV


Watch our educational content, quiz creation guides, and fun videos on Sporcle TV.

Show Comments

Extras

Top Quizzes Today


Score Distribution

Your Account Isn't Verified!

In order to create a playlist on Sporcle, you need to verify the email address you used during registration. Go to your Sporcle Settings to finish the process.

Report this User

Report this user for behavior that violates our Community Guidelines.

Details: